Spanish Verbs - Statistics

General Stats
  • This quiz has been taken 220 times
  • The average score is 22 of 25
Answer Stats
Verb Definition % Correct
Hablar To speak
98%
Estudiar To study
98%
Escribir To write
98%
Trabajar To work
97%
Bailar To dance
96%
Ir To go
96%
Tener To have
96%
Vivir To live
96%
Jugar To play
96%
Necesitar To need
95%
Leer To read
94%
Ver To see
94%
Cantar To sing
94%
Escuchar To listen
92%
Pensar To think
89%
Ayudar To help
88%
Correr To run
87%
Dar To give
86%
Decir To say
86%
Creer To believe
79%
Comenzar To begin
75%
Recibir To receive
67%
Llegar To arrive
66%
Poder To be able to
66%
Mirar To watch
63%
No matching quizzes found
Score Distribution
Percent of People with Each Score
Percentile by Number Answered
Your Score History
You have not taken this quiz